[Event "National Chess Congress"]
[Site "Philadelphia United States"]
[Date "2008.11.29"]
[Round "3.10"]
[White "Sarkar, Justin"]
[Black "Barnett, Alexander"]
[Result "1-0"]
[WhiteElo "2487"]
[BlackElo "2258"]
[PlyCount "81"]
[EventDate "2008.11.28"]
[Source "MonRoi"]

1. d4 d5 2. c4 Nc6 3. cxd5 Qxd5 4. e3 e5 5. Nc3 Bb4 6. Bd2 Bxc3 7. bxc3 Nf6 8.
f3 exd4 9. cxd4 O-O 10. Ne2 Qd6 11. Nc3 Re8 12. Be2 a6 13. O-O Bf5 14. Kh1 Bg6
15. a3 Ne7 16. Qc1 h5 17. e4 Qxd4 18. Be3 Qd7 19. Qb2 b6 20. Bc4 Qc6 21. Bb3
Rad8 22. Rac1 Qb7 23. Bg5 Nh7 24. Bh4 Rd7 25. Nd5 Nc8 26. Nf4 Nf8 27. Bd5 Rxd5
28. Nxd5 Ne6 29. Qe5 c6 30. Ne3 f6 31. Qc3 c5 32. Nd5 Ne7 33. Rfd1 Nd4 34.
Nxe7+ Rxe7 35. Bf2 Ne6 36. Rd6 Bf7 37. Rcd1 b5 38. Qa5 c4 39. Rb6 Qc7 40. Bg3
Qc5 41. Bd6 1-0

[Event "National Chess Congress"]
[Site "Philadelphia United States"]
[Date "2008.11.29"]
[Round "3.31"]
[White "Kritz, Leonid"]
[Black "Stanley, Douglas"]
[Result "1-0"]
[WhiteElo "2647"]
[BlackElo "1992"]
[PlyCount "69"]
[EventDate "2008.11.28"]
[Source "MonRoi"]

1. e4 c5 2. Nf3 Nc6 3. Bb5 d6 4. Bxc6+ bxc6 5. O-O Bg4 6. d3 g6 7. h3 Bxf3 8.
Qxf3 Bg7 9. e5 d5 10. Re1 e6 11. Nc3 Nh6 12. Bd2 Nf5 13. Na4 Qe7 14. c4 Nd4 15.
Qd1 O-O 16. Rc1 Rfc8 17. Qg4 h5 18. Qg3 Nf5 19. Bg5 Qc7 20. Qf4 Qa5 21. b3 Rc7
22. g4 hxg4 23. hxg4 Nd4 24. Kg2 dxc4 25. dxc4 Rd7 26. Rh1 f6 27. exf6 Rf8 28.
Qe5 Rdf7 29. Qh2 Rxf6 30. Qh7+ Kf7 31. Bxf6 Kxf6 32. Nc3 Rf7 33. Qh4+ Ke5 34.
Qg5+ Kd6 35. Qxg6 1-0

[Event "National Chess Congress"]
[Site "Philadelphia United States"]
[Date "2008.11.29"]
[Round "4.1"]
[White "Smith, Bryan"]
[Black "Kritz, Leonid"]
[Result "1-0"]
[WhiteElo "2469"]
[BlackElo "2647"]
[PlyCount "99"]
[EventDate "2008.11.28"]
[Source "MonRoi"]

1. e4 e5 2. Nf3 Nc6 3. Bb5 a6 4. Ba4 Nf6 5. O-O Be7 6. Re1 b5 7. Bb3 d6 8. c3
O-O 9. Bc2 Bg4 10. h3 Bh5 11. d3 h6 12. Nbd2 Nh7 13. g4 Bg6 14. Nf1 Ng5 15.
Nxg5 Bxg5 16. Ne3 Ne7 17. Ng2 Bh7 18. h4 Bxc1 19. Qxc1 Ng6 20. h5 Nh4 21. Re3
Nxg2 22. Kxg2 d5 23. Rg3 c6 24. Qe3 f6 25. Qc5 dxe4 26. dxe4 Qd2 27. Bb3+ Kh8
28. Qxc6 Rfc8 29. Qb7 Rab8 30. Qxa6 Bxe4+ 31. Kg1 Rd8 32. Re3 Qxb2 33. Rd1
Rxd1+ 34. Bxd1 Qd2 35. Be2 Ba8 36. Qa7 Rg8 37. Qc5 Qe1+ 38. Bf1 Qd1 39. Rg3 Bf3
40. Qxb5 e4 41. a4 Bxg4 42. Re3 Bf3 43. a5 Qd6 44. Qf5 Rb8 45. a6 Qc7 46. Rxf3
exf3 47. Bd3 Kg8 48. a7 Qxa7 49. Qh7+ Kf7 50. Bc4+ 1-0

[Event "National Chess Congress"]
[Site "Philadelphia United States"]
[Date "2008.11.29"]
[Round "4.2"]
[White "Erenburg, Sergey"]
[Black "Shabalov, Alexander"]
[Result "1/2-1/2"]
[WhiteElo "2637"]
[BlackElo "2632"]
[PlyCount "63"]
[EventDate "2008.11.28"]
[Source "MonRoi"]

1. e4 c5 2. Nf3 Nc6 3. d4 cxd4 4. Nxd4 e5 5. Nb5 d6 6. N1c3 a6 7. Na3 b5 8. Nd5
Nce7 9. c4 Nxd5 10. exd5 bxc4 11. Nxc4 Nf6 12. Bd2 Bd7 13. Ba5 Qb8 14. Nb6 Ra7
15. Qb3 Be7 16. Nxd7 Nxd7 17. Qxb8+ Nxb8 18. Be2 Bd8 19. Bd2 Bb6 20. Rc1 Ke7
21. h4 Nd7 22. Rh3 Bd4 23. b4 Nb6 24. Rc6 Rb8 25. Rb3 Nxd5 26. Rxa6 Rc7 27. b5
f5 28. Rc6 Rxc6 29. bxc6 Rxb3 30. axb3 Bc3 31. Bxc3 Nxc3 32. b4 1/2-1/2

[Event "National Chess Congress"]
[Site "Philadelphia United States"]
[Date "2008.11.29"]
[Round "4.3"]
[White "Ludwig, Daniel"]
[Black "Sadvakasov, Darmen"]
[Result "1/2-1/2"]
[WhiteElo "2455"]
[BlackElo "2638"]
[PlyCount "84"]
[EventDate "2008.11.28"]
[Source "MonRoi"]

1. d4 Nf6 2. c4 e6 3. Nc3 Bb4 4. Qc2 d5 5. a3 Bxc3+ 6. Qxc3 Ne4 7. Qc2 c5 8.
dxc5 Nc6 9. e3 Qa5+ 10. Bd2 Nxd2 11. Qxd2 dxc4 12. Qxa5 Nxa5 13. Rc1 b5 14.
cxb6 Bb7 15. bxa7 Ke7 16. Ne2 Rxa7 17. Nc3 Rb8 18. Na2 Bd5 19. Nb4 Nc6 20.
Nxc6+ Bxc6 21. Rxc4 Ba4 22. Rb4 Rxb4 23. axb4 Bc6 24. f3 Ra1+ 25. Kf2 Rb1 26.
Rg1 Rxb2+ 27. Be2 f5 28. Rc1 Bb5 29. Re1 g5 30. Kf1 Bxe2+ 31. Rxe2 Rxb4 32. Kf2
h5 33. h3 Kf6 34. Ra2 Rb3 35. Rc2 Ra3 36. Rb2 h4 37. Re2 Ra4 38. Rb2 g4 39.
fxg4 fxg4 40. hxg4 Rxg4 41. Rb8 Ra4 42. Kf3 Rc4 1/2-1/2

[Event "National Chess Congress"]
[Site "Philadelphia United States"]
[Date "2008.11.29"]
[Round "4.4"]
[White "Kacheishvili, Giorgi"]
[Black "Zaikov, Oleg"]
[Result "1-0"]
[WhiteElo "2644"]
[BlackElo "2375"]
[PlyCount "43"]
[EventDate "2008.11.28"]
[Source "MonRoi"]

1. d4 Nf6 2. c4 c5 3. d5 b5 4. cxb5 a6 5. b6 Qxb6 6. Nc3 d6 7. Nf3 g6 8. e4 Bg4
9. Qa4+ Bd7 10. Qc2 Bb5 11. Qb3 Nbd7 12. Nxb5 axb5 13. Bxb5 Rb8 14. a4 Nxe4 15.
O-O Bg7 16. Re1 f5 17. Ng5 O-O 18. Ne6 Bd4 19. Nxd4 cxd4 20. f3 Nec5 21. Qd1 f4
22. b4 1-0

[Event "National Chess Congress"]
[Site "Philadelphia United States"]
[Date "2008.11.29"]
[Round "4.8"]
[White "Melekhina, Alisa"]
[Black "Sarkar, Justin"]
[Result "0-1"]
[WhiteElo "2310"]
[BlackElo "2487"]
[PlyCount "68"]
[EventDate "2008.11.28"]
[Source "MonRoi"]

1. e4 c5 2. Nc3 Nc6 3. g3 g6 4. Bg2 Bg7 5. d3 d6 6. Be3 Rb8 7. Qd2 b5 8. Nd1 b4
9. h3 Bb7 10. f4 f5 11. Nf3 e6 12. O-O Nf6 13. e5 dxe5 14. Bxc5 e4 15. Ne5 Qd5
16. Qe3 Nxe5 17. fxe5 Qxe5 18. Bxa7 Rc8 19. c4 Nh5 20. Kh2 Qd6 21. c5 Qc7 22.
Bb6 Qb8 23. d4 O-O 24. a3 Bd5 25. axb4 Bxd4 26. Qxd4 Nxg3 27. Ba7 Qc7 28. Bb6
Nxf1+ 29. Kg1 Ng3 30. Qf2 Qf4 31. Qxf4 Ne2+ 32. Kf2 Nxf4 33. Ne3 Nd3+ 34. Ke2
f4 0-1

[Event "National Chess Congress"]
[Site "Philadelphia United States"]
[Date "2008.11.29"]
[Round "4.9"]
[White "Shvartsman, Andrew"]
[Black "Quan, Zhe"]
[Result "0-1"]
[WhiteElo "2147"]
[BlackElo "2465"]
[PlyCount "220"]
[EventDate "2008.11.28"]
[Source "MonRoi"]

1. e4 c5 2. Nf3 d6 3. d4 cxd4 4. Nxd4 Nf6 5. Nc3 a6 6. Bg5 e6 7. f4 Be7 8. Qf3
Qa5 9. O-O-O Bd7 10. Bd3 Nc6 11. Nb3 Qc7 12. Rhe1 h6 13. Bh4 g5 14. fxg5 Ne5
15. Qe2 Nh7 16. Nd4 hxg5 17. Bg3 Nf8 18. Nf3 Nfg6 19. Qf2 Rc8 20. Rf1 Qc5 21.
Nxe5 Qxf2 22. Rxf2 Nxe5 23. Be2 Rh7 24. Rdf1 Ng6 25. Kb1 Rc5 26. Bd3 Ne5 27.
Be2 Kf8 28. h3 Be8 29. Rd1 Kg7 30. a3 Kg6 31. Na2 Bb5 32. Nc1 Bxe2 33. Rxe2 f6
34. Nd3 Nxd3 35. Rxd3 e5 36. Bf2 Rc6 37. g4 Kf7 38. a4 Ke6 39. b3 b5 40. axb5
axb5 41. c3 Rc8 42. Bg1 Rd8 43. Bb6 Rd7 44. Ra2 Rh8 45. Ra7 Rxa7 46. Bxa7 Kd7
47. Kb2 Kc6 48. c4 bxc4 49. bxc4 Ra8 50. Be3 Ra4 51. Kb3 Ra1 52. Kb2 Re1 53.
Rb3 Bd8 54. Kc2 Re2+ 55. Kd1 Rh2 56. Ba7 Rh1+ 57. Ke2 Rc1 58. Kd3 Ba5 59. Ra3
Bb4 60. Rb3 Bc5 61. Bxc5 Kxc5 62. Rb5+ Kc6 63. Rb8 Rh1 64. Rc8+ Kb6 65. Rh8 Kc6
66. Rc8+ Kd7 67. Rh8 Ra1 68. Kd2 Ra3 69. Rh6 Ke6 70. Rh7 Rg3 71. Rh8 Kf7 72.
Rh7+ Kg6 73. Rd7 Rxh3 74. Rxd6 Rg3 75. c5 Kf7 76. Rd3 Rg2+ 77. Kc3 Ke7 78. c6
Ra2 79. Kb4 Rc2 80. Kb5 Rb2+ 81. Ka6 Ra2+ 82. Kb7 Rb2+ 83. Kc8 Rb4 84. c7 Rxe4
85. Rb3 Rc4 86. Kb7 f5 87. gxf5 g4 88. Rb6 Kd7 89. Rg6 Rxc7+ 90. Kb6 Rc4 91.
Kb5 Rd4 92. Kc5 Ke7 93. Re6+ Kf7 94. Rxe5 Rf4 95. Re3 Kf6 96. Kd5 Kxf5 97. Re5+
Kg6 98. Re6+ Kg5 99. Ke5 Rf1 100. Kd4 g3 101. Re8 Kh4 102. Rh8+ Kg4 103. Ke3 g2
104. Rg8+ Kh3 105. Rh8+ Kg3 106. Rg8+ Kh2 107. Rh8+ Kg1 108. Ke2 Rf7 109. Ra8
Rh7 110. Kf3 Kh1 0-1

[Event "National Chess Congress"]
[Site "Philadelphia United States"]
[Date "2008.11.29"]
[Round "4.15"]
[White "Times, Jerald"]
[Black "Foisor, Sabina"]
[Result "0-1"]
[WhiteElo "2179"]
[BlackElo "2495"]
[PlyCount "66"]
[EventDate "2008.11.28"]
[Source "MonRoi"]

1. c4 c5 2. g3 g6 3. Bg2 Bg7 4. Nc3 e6 5. e3 Ne7 6. Nge2 O-O 7. O-O d5 8. cxd5
Nxd5 9. Nxd5 exd5 10. d4 cxd4 11. Nxd4 Nc6 12. Qb3 Nxd4 13. exd4 Be6 14. Be3
Qd7 15. Rac1 Rac8 16. a4 Rfd8 17. Qb5 Rc6 18. Rxc6 bxc6 19. Qa6 Rb8 20. h4 Rxb2
21. Rc1 Rb6 22. Qd3 Qb7 23. Qc3 Bd7 24. Bf1 Rb3 25. Qc5 Bf8 26. Qa5 Qb6 27. Qd2
a5 28. Qe2 Qb4 29. Qa6 Bd6 30. Qa8+ Qb8 31. Qxa5 Bxg3 32. Bg5 Bxf2+ 33. Kxf2
Qg3+ 0-1

[Event "National Chess Congress"]
[Site "Philadelphia United States"]
[Date "2008.11.30"]
[Round "5.1"]
[White "Erenburg, Sergey"]
[Black "Smith, Bryan"]
[Result "0-1"]
[WhiteElo "2637"]
[BlackElo "2469"]
[PlyCount "80"]
[EventDate "2008.11.28"]
[Source "MonRoi"]

1. e4 c5 2. Nf3 d6 3. d4 cxd4 4. Nxd4 Nf6 5. Nc3 g6 6. Be3 Bg7 7. f3 O-O 8. Qd2
Nc6 9. O-O-O d5 10. exd5 Nxd5 11. Nxc6 bxc6 12. Bd4 e5 13. Bc5 Be6 14. Ne4 Re8
15. Bc4 a5 16. g4 a4 17. h4 h6 18. g5 h5 19. a3 Qc7 20. Qf2 Red8 21. Rd2 Rd7
22. Rhd1 Rad8 23. Kb1 Qb7 24. Ka1 Nf4 25. Bxe6 Nxe6 26. Rxd7 Rxd7 27. Rxd7 Qxd7
28. Qe2 Nf4 29. Qf1 Qf5 30. c4 Ne6 31. Qd1 Qf4 32. Bf2 Nd4 33. Bxd4 exd4 34.
Kb1 Qxh4 35. Qxa4 Qe1+ 36. Ka2 d3 37. Qa8+ Kh7 38. Qe8 d2 39. Qxf7 Qxe4 40.
fxe4 d1=Q 0-1

[Event "National Chess Congress"]
[Site "Philadelphia United States"]
[Date "2008.11.30"]
[Round "5.3"]
[White "Kritz, Leonid"]
[Black "Ludwig, Daniel"]
[Result "1/2-1/2"]
[WhiteElo "2647"]
[BlackElo "2455"]
[PlyCount "100"]
[EventDate "2008.11.28"]
[Source "MonRoi"]

1. e4 c5 2. Nf3 d6 3. c3 Nf6 4. Be2 b6 5. O-O Bb7 6. d3 Nbd7 7. Nbd2 g6 8. Re1
Bg7 9. Bf1 O-O 10. d4 e6 11. Bd3 a6 12. Nf1 b5 13. Ng3 Qc7 14. Be3 Rac8 15. Qe2
Nb6 16. Rad1 Nfd7 17. Bc1 b4 18. Be3 bxc3 19. bxc3 Na4 20. Rc1 Qa5 21. Bd2 Nb2
22. Bb1 Nb6 23. Bg5 N2a4 24. Bd2 Nb2 25. Bf4 N2c4 26. Bd3 d5 27. Ne5 cxd4 28.
cxd4 Nxe5 29. Bxe5 dxe4 30. Bxe4 Bxe4 31. Qxe4 Qd5 32. Qxd5 Nxd5 33. Ne4 Nb4
34. Rb1 Nxa2 35. g3 Nc3 36. Nxc3 Rxc3 37. Rb6 Ra8 38. Bxg7 Kxg7 39. Ra1 a5 40.
Ra4 Rc7 41. Rb5 Rca7 42. Kf1 Kf6 43. Ke2 Ke7 44. Kd3 Kd6 45. Kc4 h5 46. h4 Ra6
47. Kd3 Kc6 48. Rc5+ Kd6 49. Rb5 R8a7 50. Rc5 Ra8 1/2-1/2

[Event "National Chess Congress"]
[Site "Philadelphia United States"]
[Date "2008.11.30"]
[Round "5.4"]
[White "Sadvakasov, Darmen"]
[Black "Molner, Mackenzie"]
[Result "0-1"]
[WhiteElo "2638"]
[BlackElo "2425"]
[PlyCount "64"]
[EventDate "2008.11.28"]
[Source "MonRoi"]

1. e4 d6 2. d4 Nf6 3. Nc3 g6 4. f4 Bg7 5. Nf3 c5 6. Bb5+ Bd7 7. e5 Ng4 8. e6
fxe6 9. Ng5 Bxb5 10. Nxe6 Bxd4 11. Nxb5 Qa5+ 12. c3 Bf2+ 13. Kd2 Be3+ 14. Kc2
Qa4+ 15. Kb1 Qe4+ 16. Qc2 Qxc2+ 17. Kxc2 Kd7 18. Nec7 a6 19. Nxa8 axb5 20. a4
Bxc1 21. Kxc1 bxa4 22. Rxa4 Kc6 23. Re1 Na6 24. Rxe7 Rxa8 25. Rxh7 Re8 26. Kd2
Ne3 27. Rh6 Kb5 28. Ra2 c4 29. Rxg6 Nc5 30. Rg5 Nf1+ 31. Kd1 Kc6 32. h4 Nd3 0-1

[Event "National Chess Congress"]
[Site "Philadelphia United States"]
[Date "2008.11.30"]
[Round "5.5"]
[White "Fishbein, Alexander"]
[Black "Yeager, Daniel"]
[Result "1-0"]
[WhiteElo "2604"]
[BlackElo "2343"]
[PlyCount "67"]
[EventDate "2008.11.28"]
[Source "MonRoi"]

1. e4 c5 2. Nf3 d6 3. d4 cxd4 4. Nxd4 Nf6 5. Nc3 a6 6. Be2 e5 7. Nb3 Be7 8. O-O
O-O 9. Re1 Be6 10. Bf1 Nbd7 11. Nd5 Bxd5 12. exd5 g6 13. c4 Nh5 14. Bd2 Bg5 15.
Na5 Bxd2 16. Qxd2 Qc7 17. b4 b6 18. Nc6 Nb8 19. c5 f5 20. g3 Nd7 21. cxb6 Qxb6
22. Rac1 f4 23. Bh3 Ndf6 24. Ne7+ Kg7 25. g4 Ng3 26. hxg3 fxg3 27. Re2 gxf2+
28. Kg2 Rae8 29. Nc6 e4 30. g5 Nh5 31. Rxf2 Rxf2+ 32. Qxf2 Qxf2+ 33. Kxf2 Nf4
34. Bd7 1-0

[Event "National Chess Congress"]
[Site "Philadelphia United States"]
[Date "2008.11.30"]
[Round "5.7"]
[White "Sarkar, Justin"]
[Black "Zlotnikov, Mikhail"]
[Result "0-1"]
[WhiteElo "2487"]
[BlackElo "2338"]
[PlyCount "76"]
[EventDate "2008.11.28"]
[Source "MonRoi"]

1. d4 g6 2. e4 Bg7 3. c4 d6 4. Nc3 Nd7 5. Nf3 e5 6. Be2 Ngf6 7. O-O O-O 8. Be3
h6 9. d5 Ng4 10. Bd2 f5 11. Ne1 Ngf6 12. exf5 gxf5 13. f4 Nc5 14. fxe5 dxe5 15.
Be3 Qe7 16. b4 Nce4 17. Nxe4 Nxe4 18. Qb3 a5 19. Bd3 axb4 20. Bxe4 Ra3 21. d6
cxd6 22. Bd5+ Kh8 23. Qd1 Rxe3 24. Nc2 Rc3 25. Nxb4 e4 26. Rb1 Qe5 27. Qe2 Qd4+
28. Kh1 Qe3 29. Qd1 Qg5 30. Rb3 Rxb3 31. axb3 Be5 32. g4 e3 33. gxf5 Qh4 34.
Qe2 Bxf5 35. Qg2 Bxh2 36. Rxf5 Bg3+ 37. Kg1 Rxf5 38. Nc2 Rf2 0-1

[Event "National Chess Congress"]
[Site "Philadelphia United States"]
[Date "2008.11.30"]
[Round "5.10"]
[White "Foisor, Sabina"]
[Black "Bartell, Thomas"]
[Result "0-1"]
[WhiteElo "2495"]
[BlackElo "2386"]
[PlyCount "94"]
[EventDate "2008.11.28"]
[Source "MonRoi"]

1. d4 Nf6 2. c4 e6 3. Nc3 Bb4 4. Qc2 O-O 5. Nf3 c5 6. dxc5 Nc6 7. Bg5 Qa5 8.
Bxf6 gxf6 9. e3 Bxc5 10. Rd1 a6 11. a3 Be7 12. Bd3 h6 13. Qe2 Kh8 14. Nd2 Rg8
15. f4 f5 16. O-O Qd8 17. Nf3 Qf8 18. b4 d6 19. Na4 Rb8 20. e4 fxe4 21. Bxe4
Bd7 22. Nb2 f5 23. Bb1 Rg4 24. Nd3 Qg7 25. c5 Rg8 26. Rf2 Bf6 27. cxd6 Nd4 28.
Nxd4 Bxd4 29. Kf1 Bxf2 30. Nxf2 Rxg2 31. Qe5 Qxe5 32. fxe5 Rxh2 33. Bd3 Rgg2
34. Rd2 Kg7 35. Ke1 Kf8 36. Rc2 Ke8 37. Bc4 Kd8 38. Ra2 Bb5 39. Bxb5 axb5 40.
Kf1 f4 41. Rc2 f3 42. Rd2 h5 43. Rc2 h4 44. Rd2 h3 45. Rc2 Rxf2+ 46. Rxf2 Rxf2+
47. Kxf2 h2 0-1

[Event "National Chess Congress"]
[Site "Philadelphia United States"]
[Date "2008.11.30"]
[Round "5.16"]
[White "Yang, Darwin"]
[Black "Shvartsman, Andrew"]
[Result "1-0"]
[WhiteElo "2279"]
[BlackElo "2147"]
[PlyCount "87"]
[EventDate "2008.11.28"]
[Source "MonRoi"]

1. d4 Nf6 2. c4 g6 3. Nc3 Bg7 4. e4 d6 5. Nf3 O-O 6. Be2 e5 7. O-O Nc6 8. d5
Ne7 9. Ne1 Nd7 10. Be3 f5 11. f3 f4 12. Bf2 Nf6 13. c5 g5 14. Rc1 Ng6 15. cxd6
cxd6 16. Nb5 Rf7 17. Nxa7 Bd7 18. Qb3 g4 19. Qb6 Qb8 20. Nb5 Ra6 21. Qc7 Qf8
22. Qxb7 Rxa2 23. Nxd6 gxf3 24. Nxf3 Qxd6 25. Bc5 Qxc5+ 26. Rxc5 Nxe4 27. Rc7
Nd6 28. Qb8+ Nf8 29. Ng5 Re7 30. Rxd7 Rxd7 31. Bg4 Rb7 32. Qxd6 Rbxb2 33. Bf3
e4 34. Bxe4 Bd4+ 35. Kh1 Rf2 36. Bxh7+ Kg7 37. Qe7+ Kh6 38. Qxf8+ Kxg5 39. Qf5+
Kh4 40. g3+ fxg3 41. hxg3+ Kxg3 42. Rg1+ Rg2 43. Rxg2+ Rxg2 44. Qg5+ 1-0

[Event "National Chess Congress"]
[Site "Philadelphia United States"]
[Date "2008.11.30"]
[Round "6.1"]
[White "Smith, Bryan"]
[Black "Kacheishvili, Giorgi"]
[Result "1/2-1/2"]
[WhiteElo "2469"]
[BlackElo "2644"]
[PlyCount "38"]
[EventDate "2008.11.28"]
[Source "MonRoi"]

1. e4 c6 2. d4 d5 3. Nd2 dxe4 4. Nxe4 Bf5 5. Ng3 Bg6 6. h4 h6 7. Nf3 Nd7 8. h5
Bh7 9. Bd3 Bxd3 10. Qxd3 Ngf6 11. Bf4 e6 12. O-O-O Be7 13. Kb1 Qa5 14. Bd2 Qc7
15. Ne4 O-O-O 16. g3 c5 17. Bf4 Qc6 18. Nxf6 Bxf6 19. d5 exd5 1/2-1/2

[Event "National Chess Congress"]
[Site "Philadelphia United States"]
[Date "2008.11.30"]
[Round "6.3"]
[White "Zlotnikov, Mikhail"]
[Black "Quan, Zhe"]
[Result "0-1"]
[WhiteElo "2338"]
[BlackElo "2465"]
[PlyCount "122"]
[EventDate "2008.11.28"]
[Source "MonRoi"]

1. c4 c5 2. Nf3 Nf6 3. Nc3 b6 4. d3 Bb7 5. e4 d6 6. g3 e6 7. Bg2 Be7 8. O-O O-O
9. Re1 Nbd7 10. d4 cxd4 11. Nxd4 Qc7 12. b3 a6 13. Bb2 Rac8 14. Rc1 Qb8 15. Qe2
Rfe8 16. Nc2 Ne5 17. Rcd1 Ng6 18. Rd2 Bf8 19. h4 h6 20. Ne3 Bc6 21. h5 Ne5 22.
a4 Qa8 23. Rd4 Ned7 24. b4 Bb7 25. Nc2 Qb8 26. Ne3 Qa7 27. Red1 Qa8 28. Ng4
Nxg4 29. Qxg4 Nf6 30. Qe2 Nd7 31. f4 Nf6 32. Rxd6 Bxd6 33. Rxd6 Rcd8 34. Rxb6
Qa7 35. c5 Nd7 36. Qg4 e5 37. a5 Nxb6 38. axb6 Qb8 39. Nd5 Bc8 40. Qh4 f6 41.
Bf3 Bd7 42. fxe5 fxe5 43. Nc7 Rf8 44. Be2 Bb5 45. Qg4 Bxe2 46. Qxe2 Rd7 47.
Bxe5 Rfd8 48. Bf4 Qb7 49. Nd5 Kh7 50. Bc7 Rf8 51. Qc2 Qc6 52. Nf4 Rd4 53. Nd5
Rf3 54. Ne7 Qb5 55. e5+ Rdd3 56. e6 Qxb4 57. Kh2 Qe1 58. b7 Rf2+ 59. Qxf2 Qxf2+
60. Kh3 Qf1+ 61. Kg4 Qf3+ 0-1

[Event "National Chess Congress"]
[Site "Philadelphia United States"]
[Date "2008.11.30"]
[Round "6.4"]
[White "Ludwig, Daniel"]
[Black "Esserman, Marc"]
[Result "1-0"]
[WhiteElo "2455"]
[BlackElo "2424"]
[PlyCount "93"]
[EventDate "2008.11.28"]
[Source "MonRoi"]

1. d4 f5 2. g3 Nf6 3. Bg2 g6 4. Nh3 Bg7 5. Nf4 Nc6 6. d5 Ne5 7. b3 Nfg4 8. h3
Nh6 9. Be3 c6 10. Bd4 Qa5+ 11. c3 c5 12. Be3 Nhf7 13. O-O O-O 14. Qc2 Nd6 15.
Nd2 Nef7 16. Rfc1 b6 17. a4 Bb7 18. h4 Rac8 19. Rab1 Rfe8 20. c4 Qa6 21. Nf3
Ne4 22. Re1 e6 23. Rbd1 Qa5 24. Nd2 e5 25. Nh3 Nf6 26. Nf1 Nd6 27. Bd2 Qa6 28.
Bc3 Re7 29. Nd2 Rce8 30. e4 Ba8 31. exf5 Nxf5 32. Ng5 Nd4 33. Qb1 Qb7 34. Nde4
Nxe4 35. Nxe4 Qb8 36. b4 d6 37. bxc5 dxc5 38. h5 gxh5 39. Ng5 Bf6 40. Bxd4 exd4
41. Ne6 Bb7 42. Qf5 Rf7 43. Bf3 Bg7 44. Qxh5 h6 45. Be4 Rf6 46. Bg6 Bc6 47.
dxc6 1-0

[Event "National Chess Congress"]
[Site "Philadelphia United States"]
[Date "2008.11.30"]
[Round "6.5"]
[White "Lenderman, Alex"]
[Black "Shabalov, Alexander"]
[Result "1/2-1/2"]
[WhiteElo "2528"]
[BlackElo "2632"]
[PlyCount "52"]
[EventDate "2008.11.28"]
[Source "MonRoi"]

1. e4 Nf6 2. Nc3 d5 3. exd5 Nxd5 4. Bc4 Nb6 5. Bb3 Nc6 6. Nf3 Na5 7. Qe2 Nxb3
8. axb3 g6 9. O-O Bg7 10. Re1 e6 11. d4 O-O 12. Bf4 Nd5 13. Nxd5 exd5 14. Qe7
Be6 15. Qxd8 Rfxd8 16. Ng5 Bxd4 17. Nxe6 fxe6 18. Rxe6 Rf8 19. g3 g5 20. Be3
Kf7 21. Rh6 Kg7 22. Re6 Bxb2 23. Rd1 Kf7 24. Rh6 Kg7 25. Re6 Kf7 26. Rh6 Kg7
1/2-1/2

[Event "National Chess Congress"]
[Site "Philadelphia United States"]
[Date "2008.11.30"]
[Round "6.6"]
[White "Bonin, Jay"]
[Black "Bartell, Thomas"]
[Result "0-1"]
[WhiteElo "2409"]
[BlackElo "2386"]
[PlyCount "68"]
[EventDate "2008.11.28"]
[Source "MonRoi"]

1. d4 Nf6 2. Nf3 e6 3. c4 b6 4. g3 Bb7 5. Bg2 Be7 6. O-O O-O 7. d5 Na6 8. Ne5
exd5 9. cxd5 Re8 10. Nc3 Bb4 11. Nc4 Bxc3 12. bxc3 Nc5 13. Ne3 Nfe4 14. Bb2 Qg5
15. Qd4 f5 16. c4 Re7 17. Rae1 Rae8 18. Bh3 Rf8 19. Bc1 Qg6 20. Ng2 Nd6 21. f3
Ba6 22. Ba3 Qh6 23. Nh4 Qe3+ 24. Qxe3 Rxe3 25. Bc1 Rc3 26. Bf4 g6 27. Bxd6 cxd6
28. Rc1 Rxc4 29. e4 fxe4 30. fxe4 Rxf1+ 31. Rxf1 Rxe4 32. Rf6 Kg7 33. Rxd6 Kf7
34. Bxd7 Ke7 0-1

[Event "National Chess Congress"]
[Site "Philadelphia United States"]
[Date "2008.11.30"]
[Round "6.8"]
[White "Kuderinov, Kirill"]
[Black "Melekhina, Alisa"]
[Result "1-0"]
[WhiteElo "2460"]
[BlackElo "2310"]
[PlyCount "81"]
[EventDate "2008.11.28"]
[Source "MonRoi"]

1. a3 g6 2. h4 h5 3. d4 d5 4. g3 Bg7 5. Bg2 Bf5 6. c4 Be4 7. Nf3 dxc4 8. Nc3
Bxf3 9. Bxf3 c6 10. d5 Nf6 11. O-O O-O 12. Bg5 cxd5 13. Nxd5 Nxd5 14. Bxd5 Nc6
15. Rb1 Bf6 16. Bxf6 exf6 17. Bxc4 Qxd1 18. Rfxd1 Rac8 19. Bd5 b6 20. b4 Ne5
21. Rbc1 f5 22. Bb7 Rxc1 23. Rxc1 Rd8 24. f4 Ng4 25. Bf3 Rd7 26. a4 Kf8 27. a5
bxa5 28. bxa5 Ke7 29. a6 Kd8 30. Rb1 Rc7 31. Bd5 Nh6 32. Kf2 Kc8 33. Ke3 Ng4+
34. Kd4 Nf6 35. Bb7+ Kd7 36. Bf3 Ne8 37. Rb7 f6 38. Kd5 Rxb7 39. axb7 Kc7 40.
Ke6 a5 41. Ke7 1-0

[Event "National Chess Congress"]
[Site "Philadelphia United States"]
[Date "2008.11.30"]
[Round "6.10"]
[White "Yeager, Daniel"]
[Black "Treger, Yefim"]
[Result "1-0"]
[WhiteElo "2343"]
[BlackElo "2269"]
[PlyCount "99"]
[EventDate "2008.11.28"]
[Source "MonRoi"]

1. d4 g6 2. c4 Bg7 3. Nf3 d6 4. Nc3 Bg4 5. e3 Nd7 6. Be2 c6 7. O-O a5 8. e4 e5
9. d5 c5 10. g3 Bxf3 11. Bxf3 h5 12. Bg2 h4 13. Be3 Bh6 14. Bxh6 Nxh6 15. f4
hxg3 16. hxg3 exf4 17. gxf4 Qh4 18. Qe1 Ng4 19. Qxh4 Rxh4 20. Nb5 Ne3 21. Nc7+
Kd8 22. Nxa8 Nxf1 23. Rxf1 Kc8 24. Rf3 Kb8 25. Bh3 Nf6 26. e5 Ne4 27. e6 fxe6
28. dxe6 Kxa8 29. e7 Nf6 30. Bd7 Rh8 31. Re3 Ne8 32. Re6 Rg8 33. Kg2 Kb8 34.
Kg3 Kc7 35. Bb5 g5 36. f5 Ng7 37. f6 Nxe6 38. f7 Rh8 39. e8=Q Rh6 40. Qd7+ Kb6
41. Qxd6+ Ka7 42. f8=Q Nxf8 43. Qxh6 g4 44. Qxf8 a4 45. Qxc5+ Kb8 46. Bxa4 Ka8
47. Qb6 Kb8 48. Bc6 Kc8 49. Qxb7+ Kd8 50. Qd7# 1-0

[Event "National Chess Congress"]
[Site "Philadelphia United States"]
[Date "2008.11.30"]
[Round "6.15"]
[White "Shvartsman, Andrew"]
[Black "Greanias, Steven"]
[Result "1/2-1/2"]
[WhiteElo "2147"]
[BlackElo "2220"]
[PlyCount "78"]
[EventDate "2008.11.28"]
[Source "MonRoi"]

1. e4 c5 2. Nf3 e6 3. d4 cxd4 4. Nxd4 a6 5. Bd3 Qb6 6. Nb3 Qc7 7. O-O Nf6 8.
Nc3 Be7 9. f4 d6 10. Qe1 Nbd7 11. Qg3 g6 12. Bd2 O-O 13. Rae1 b5 14. a3 Bb7 15.
f5 Nh5 16. Qh3 e5 17. fxg6 hxg6 18. Bh6 Ng7 19. g4 Qd8 20. Rf3 Rc8 21. Ref1 Bg5
22. Nd5 Bxd5 23. exd5 Qe7 24. Nd2 Nc5 25. b4 e4 26. bxc5 Bxd2 27. Bxd2 exf3 28.
cxd6 Qxd6 29. Bb4 Qxd5 30. Bxf8 Rxf8 31. Rxf3 Ne6 32. Qf1 Ng5 33. Rf2 Qc5 34.
h4 Ne6 35. Qe2 Nf4 36. Qf3 Nxd3 37. Qxd3 Re8 38. Qf3 Qe7 39. Kg2 Qe4 1/2-1/2